书目信息 |
| 题名: |
中国古代文学作品选
|
|
| 作者: | 潘慧惠 主编 ;周少雄 , 佘德余 本册主编 | |
| 分册: | 第三分册 | |
| 出版信息: | 杭州 浙江大学出版社 2004.08 |
|
| 页数: | 463页 | |
| 开本: | 21cm | |
| 丛书名: | ||
| 单 册: | ||
| 中图分类: | I211 | |
| 科图分类: | ||
| 主题词: | 古典文学--gu dian wen xue--中国--作品集 | |
| 电子资源: | ||
| ISBN: | 7-308-02953-0 | |
| 000 | 01024nam0 2200265 450 | |
| 001 | 012007210633 | |
| 005 | 20070924101935.79 | |
| 010 | @a7-308-02953-0@dCNY20.00 | |
| 100 | @a20070813d2004 km y0chiy0120 ea | |
| 101 | 0 | @achi |
| 102 | @aCN@b330000 | |
| 105 | @ay a 000zy | |
| 200 | 1 | @a中国古代文学作品选@Azhong guo gu dai wen xue zuo pin xuan@h第三分册@f潘慧惠主编@Fpan hui hui zhu bian@g周少雄, 佘德余本册主编@Gzhou shao xiong,she de yu ben ce zhu bian |
| 205 | @a第2版@b修订本 | |
| 210 | @a杭州@c浙江大学出版社@d2004.08 | |
| 215 | @a463页@d21cm | |
| 320 | @a有书目 (第463页)。 | |
| 330 | @a本书为高等院校中文系本、专科及函授、自考等通用的中国古代文学课作品选教材。按历史朝代先后分为三册,分册内各时期的作品按体裁组成单元,单元内作家按生年先后排列。 | |
| 606 | 0 | @a古典文学@Agu dian wen xue@y中国@j作品集 |
| 690 | @aI211@v4 | |
| 701 | 0 | @a潘慧惠@Apan hui hui@4主编 |
| 702 | 0 | @a周少雄@Azhou shao xiong@4本册主编 |
| 702 | 0 | @a佘德余@Ashe de yu@4本册主编 |
| 801 | 0 | @aCN@c20070924 |
| 905 | @dI211@eP132:3 | |
| 中国古代文学作品选.第三分册/潘慧惠主编/周少雄, 佘德余本册主编.-第2版,修订本.-杭州:浙江大学出版社,2004.08 |
| 463页;21cm |
| ISBN 7-308-02953-0:CNY20.00 |
| 本书为高等院校中文系本、专科及函授、自考等通用的中国古代文学课作品选教材。按历史朝代先后分为三册,分册内各时期的作品按体裁组成单元,单元内作家按生年先后排列。 |
| ● |
| 相关链接 |
|
|
|
正题名:中国古代文学作品选
索取号:I211/P132:3
 
预约/预借
| 序号 | 登录号 | 条形码 | 馆藏地/架位号 | 状态 | 备注 |
| 1 | 258272 | 202582721 | 文学库108/108文学库 12排8列1层/ [索取号:I211/P132:3] | 在馆 | |
| 2 | 258273 | 202582730 | 文学库108/108文学库 12排8列1层/ [索取号:I211/P132:3] | 在馆 | |
| 3 | 258274 | 202582749 | 文学库108/108文学库 12排8列1层/ [索取号:I211/P132:3] | 在馆 |